| 000 | 02021cam a22005294i 4500 | ||
|---|---|---|---|
| 003 | PE-LiUPU | ||
| 005 | 20250731165606.0 | ||
| 008 | 150706s2008 xxua r 000 0 spa d | ||
| 020 | _a9789575329139 | ||
| 035 | _a(Sirsi) i9789575329139 | ||
| 040 |
_aPE-LiUPU _bspa _cPE-LiUPU _erda |
||
| 049 | _aPRUA | ||
| 082 | 0 | 4 |
_a001.42 _bP59 _221 |
| 100 | 1 |
_aPineda, Elia B. , _eautor. |
|
| 245 | 1 | 0 |
_aMetodología de la investigación / _cElia B. Pineda y Eva Luz de Alvarado. |
| 250 | _a3a edición. | ||
| 264 | 1 |
_aWashington : _bOPS, _c2008. |
|
| 300 |
_a260 páginas : _bilustraciones ; _c25 centímetros. |
||
| 336 |
_atext _2rdacontent |
||
| 337 |
_aunmediated _2rdamedia |
||
| 338 |
_avolume _2rdacarrier |
||
| 490 | 0 |
_aPaltex para Ejecutivos de Programa de Salud ; _v47 |
|
| 505 | 0 | _aFundamentos teóricos de la investigación -- Momentos de la investigación -- objeto de estudio y su fundamentación teórica -- Diseño metodológico -- Procesamiento y análisis de la información -- Ética, comunicación y publicación. | |
| 526 | _aSEG44 | ||
| 526 | _aSEG26 | ||
| 526 | _aP151 | ||
| 526 | _aP150 | ||
| 526 | _aP149 | ||
| 526 | _aP146 | ||
| 526 | _aP145 | ||
| 526 | _aP126 | ||
| 526 | _aP125 | ||
| 526 | _aP92 | ||
| 526 | _aP75 | ||
| 526 | _aP74 | ||
| 526 | _aP27 | ||
| 526 | _aP15 | ||
| 541 | _g07700853; | ||
| 650 | 0 | 4 |
_aSalud pública _xInvestigación _vMetodología. |
| 700 | 1 |
_aAlvarado, Eva Luz de, _eautor. |
|
| 910 |
_agl _bjv _cng _d20091216 |
||
| 942 |
_2ddc _cBOOK |
||
| 949 |
_a001.42 P59 _wDEWEY _c1 _i60861 _d2015-9-30 _e2015-9-30 _lCCODEBUL1 _mBUL _n1 _p20.00 _r0 _sY _tBOOK _u2015-7-6 _xTEOLOGIA _zUNKNOWN _0COMPRA _o.STAFF. Colección General |
||
| 994 |
_aC0 _bPEPRU |
||
| 596 | _a1 | ||
| 999 |
_a001.42 P59 _wDEWEY _c50227 _i60861 _d50227 _e2015-9-30 _f2021-11-4 _g5 _lCCODEBUL1 _mBUL _n1 _p20.00 _q1 _r0 _sY _tBOOK _u2015-7-6 _xBIBLIOTECA _PP35 _0COMPRA _o.STAFF. Colección Teología |
||
| 980 |
_81 _gALBERTO SANCHEZ Responsable de Automatización |
||